[Event "Championnat de France des Jeunes - Junio"]
[Site "MONTLUCON"]
[Date "2011.04.19"]
[Round "4.6"]
[White "Chandesris, Ludovic"]
[Black "Najart, David"]
[Result "1-0"]
[WhiteElo "2121"]
[BlackElo "2008"]
[PlyCount "147"]

1. e4 c5 2. Nf3 d6 3. d4 cxd4 4. Nxd4 Nf6 5. Nc3 a6 6. Bg5 Nbd7 7. f4 Qc7 8.
Qf3 h6 9. Bxf6 Nxf6 10. h3 e6 11. O-O-O b5 12. Bd3 Bb7 13. Rhe1 O-O-O 14. Qe2
Qb6 15. Nb3 b4 16. Nb1 d5 17. N1d2 dxe4 18. Nxe4 Nd5 19. g3 Be7 20. Ned2 Kb8
21. Nc4 Qc7 22. Nca5 Ka7 23. Nxb7 Qxb7 24. Be4 Bf6 25. Qc4 Rc8 26. Bxd5 exd5
27. Qxd5 Qxd5 28. Rxd5 Rc7 29. Nc5 Rhc8 30. Rd7 Kb6 31. Rxc7 Rxc7 32. Nd3 Kb5
33. Re8 a5 34. Kd2 Bd4 35. Rb8+ Kc4 36. Rd8 Bf6 37. b3+ Kb5 38. Rd5+ Kb6 39.
Ne5 Bxe5 40. Rxe5 Rc3 41. Re3 Rc7 42. c3 bxc3+ 43. Rxc3 Rd7+ 44. Ke3 Kb5 45. a3
f5 46. Rd3 Re7+ 47. Kd2 Kc5 48. Re3 Rd7+ 49. Kc3 Rd1 50. Re5+ Kb6 51. Rxf5 Rg1
52. g4 Rg3+ 53. Kc4 Rxh3 54. Rb5+ Ka6 55. Re5 Rf3 56. Re6+ Kb7 57. f5 Rf4+ 58.
Kb5 Rxg4 59. Kxa5 Rg5 60. Re5 g6 61. Rb5+ Kc6 62. Rb6+ Kc7 63. Rxg6 Rxf5+ 64.
Ka4 h5 65. Rh6 Rf4+ 66. Ka5 h4 67. b4 Rf3 68. a4 h3 69. b5 Rb3 70. Rh7+ Kc8 71.
Ka6 Ra3 72. a5 Rg3 73. b6 Rb3 74. b7+ 1-0

[Event "Championnat de France des Jeunes - Junio"]
[Site "MONTLUCON"]
[Date "2011.04.19"]
[Round "4.7"]
[White "Paci, Romain"]
[Black "Le Goff, Ronan"]
[Result "0-1"]
[WhiteElo "2011"]
[BlackElo "2055"]
[PlyCount "46"]

1. g3 Nf6 2. Bg2 e6 3. d3 Be7 4. Nf3 O-O 5. e4 c5 6. O-O d5 7. Nbd2 Nc6 8. Re1
Qc7 9. h4 Rd8 10. e5 Nd7 11. Qe2 b6 12. Nf1 Bb7 13. c3 d4 14. c4 a6 15. Bf4 b5
16. b3 bxc4 17. bxc4 a5 18. N1h2 a4 19. Ng4 Bf8 20. Nd2 Ra6 21. h5 Ne7 22. Ne4
Nf5 23. h6 Bxe4 0-1

[Event "Championnat de France des Jeunes - Junio"]
[Site "MONTLUCON"]
[Date "2011.04.19"]
[Round "4.8"]
[White "Nari, Damien"]
[Black "Nooshian, Kevin"]
[Result "1/2-1/2"]
[WhiteElo "1913"]
[BlackElo "2011"]
[PlyCount "179"]

1. e4 e6 2. d4 d5 3. Nc3 Nf6 4. Bg5 Bb4 5. e5 h6 6. Bd2 Bxc3 7. bxc3 Ne4 8. Bd3
Nxd2 9. Qxd2 c5 10. f4 Nc6 11. Nf3 Bd7 12. O-O Qe7 13. Rab1 O-O-O 14. c4 dxc4
15. Bxc4 cxd4 16. Kh1 Qc5 17. Qd3 Na5 18. Nd2 Bc6 19. Bb5 Bd5 20. Ne4 Bxe4 21.
Qxe4 Rd5 22. Rfc1 Rhd8 23. Qe1 Qc3 24. Qf1 Kb8 25. Bd3 R5d7 26. Rb5 Rd5 27.
Rcb1 R5d7 28. Be4 Nc4 29. R5b3 Nd2 30. Rxc3 Nxf1 31. Rd3 Ne3 32. Kg1 Nd5 33.
Bxd5 Rxd5 34. Rbd1 Kc7 35. Kf2 f6 36. Rg3 fxe5 37. Rxg7+ Kc6 38. Rg6 exf4 39.
Rxe6+ R8d6 40. Rxd6+ Kxd6 41. Kf3 Ke5 42. Re1+ Kf5 43. Re4 d3 44. Rxf4+ Kg5 45.
h4+ Kh5 46. cxd3 Rxd3+ 47. Ke4 Ra3 48. Rf2 Kxh4 49. Kf4 Ra4+ 50. Kf3 Kg5 51.
Rb2 Ra3+ 52. Kf2 Ra5 53. Kg3 b5 54. Kf3 Ra3+ 55. Kf2 a6 56. Kg1 Kf4 57. Kf2 Ke4
58. Ke2 Kd4 59. Kd2 Kc4 60. Kc1 Rc3+ 61. Kb1 a5 62. Rf2 Kb4 63. Kb2 Rc4 64. Rf6
Rh4 65. Rf2 Rg4 66. Rc2 Rg3 67. Rf2 a4 68. a3+ Kc4 69. Rc2+ Kd4 70. Rf2 Ke3 71.
Rc2 Ke4 72. Re2+ Re3 73. Rf2 Kd3 74. Rf6 Re2+ 75. Kb1 Rxg2 76. Rxh6 Rd2 77.
Rh3+ Kc4 78. Kc1 Rd8 79. Rh4+ Kb3 80. Rb4+ Kxa3 81. Rxb5 Rg8 82. Kc2 Rg2+ 83.
Kc1 Ka2 84. Rc5 Rg1+ 85. Kc2 a3 86. Rc3 Rg2+ 87. Kc1 Rb2 88. Rd3 Rb5 89. Rc3
Ra5 90. Kc2 1/2-1/2

[Event "Championnat de France des Jeunes - Junio"]
[Site "MONTLUCON"]
[Date "2011.04.19"]
[Round "4.9"]
[White "Auvray, Simon"]
[Black "Blum, Nicolas"]
[Result "0-1"]
[WhiteElo "2065"]
[BlackElo "2245"]
[PlyCount "90"]

1. e4 c6 2. d4 d5 3. Nc3 dxe4 4. Nxe4 Nd7 5. Ng5 Ngf6 6. Bd3 e6 7. N1f3 Bd6 8.
Qe2 h6 9. Ne4 Nxe4 10. Qxe4 Qc7 11. Bd2 b6 12. O-O-O Bb7 13. Qe2 c5 14. dxc5
Nxc5 15. Bb5+ Bc6 16. Nd4 Bd7 17. Bxd7+ Qxd7 18. Nb5 a6 19. Nxd6+ Qxd6 20. Bxh6
Qc7 21. Bxg7 Rg8 22. Be5 Qc6 23. f3 Rc8 24. Kb1 Rg5 25. Bd4 Na4 26. b3 Nc3+ 27.
Bxc3 Qxc3 28. g3 a5 29. Qd2 Qc6 30. Rhf1 b5 31. Rc1 Rc5 32. f4 a4 33. f5 e5 34.
f6 Rd5 35. Qb4 Rc7 36. c4 Rc5 37. Rfe1 axb3 38. axb3 Qxf6 39. Rf1 Qc6 40. Qc3
bxc4 41. b4 Rb5 42. Rfe1 f6 43. Re2 Qd6 44. Rb2 Ke7 45. h4 Rcb7 0-1

[Event "Championnat de France des Jeunes - Junio"]
[Site "MONTLUCON"]
[Date "2011.04.19"]
[Round "4.10"]
[White "Lambert, Romain"]
[Black "Contout, Aime"]
[Result "1-0"]
[WhiteElo "2054"]
[BlackElo "2097"]
[PlyCount "39"]

1. d4 Nf6 2. c4 e6 3. Nc3 Bb4 4. Qc2 O-O 5. e4 c5 6. e5 cxd4 7. a3 dxc3 8. axb4
cxb2 9. Bxb2 Ne8 10. Nf3 f5 11. Be2 Nc6 12. b5 Ne7 13. O-O Ng6 14. Rfd1 b6 15.
Ba3 Rf7 16. c5 bxc5 17. Bxc5 Qc7 18. b6 Qc6 19. Nd4 Qe4 20. Bf3 1-0

[Event "Championnat de France des Jeunes - Junio"]
[Site "MONTLUCON"]
[Date "2011.04.20"]
[Round "5.2"]
[White "Sochacki, Wojtek"]
[Black "Villegas, Pierre"]
[Result "1/2-1/2"]
[WhiteElo "2294"]
[BlackElo "2246"]
[PlyCount "68"]

1. Nc3 d5 2. d4 c6 3. e4 dxe4 4. Nxe4 Bf5 5. Ng3 Bg6 6. h4 h6 7. Nf3 Nd7 8. h5
Bh7 9. Bd3 Bxd3 10. Qxd3 e6 11. Bf4 Qa5+ 12. Bd2 Bb4 13. c3 Be7 14. c4 Qc7 15.
O-O-O Ngf6 16. Kb1 O-O 17. Rc1 c5 18. d5 exd5 19. Nf5 Bd6 20. cxd5 Ng4 21. Rh4
Nge5 22. Nxe5 Bxe5 23. f4 Bf6 24. Rg4 Kh8 25. Bc3 Rg8 26. Re1 Rae8 27. Rxe8
Rxe8 28. Qg3 Bxc3 29. Qxc3 Nf6 30. a3 Qd7 31. Nxg7 Qxg4 32. Nxe8 Qd1+ 33. Ka2
Qxd5+ 34. Ka1 Qd1+ 1/2-1/2

[Event "Championnat de France des Jeunes - Junio"]
[Site "MONTLUCON"]
[Date "2011.04.20"]
[Round "5.3"]
[White "Le Goff, Ronan"]
[Black "Massoni, Michael"]
[Result "1-0"]
[WhiteElo "2055"]
[BlackElo "2338"]
[PlyCount "97"]

1. d4 Nf6 2. c4 g6 3. Nc3 d5 4. e3 Bg7 5. cxd5 Nxd5 6. Nxd5 Qxd5 7. Ne2 O-O 8.
Nc3 Qd8 9. Be2 c5 10. d5 a6 11. a4 b6 12. O-O Nd7 13. e4 Qc7 14. Be3 f5 15. Qb3
Kh8 16. Rad1 f4 17. d6 Qd8 18. Nd5 e5 19. Bd2 Bb7 20. Bc3 h5 21. Bf3 Bxd5 22.
Rxd5 Qe8 23. Qd1 Bf6 24. Qe2 Rf7 25. g3 Bg7 26. Bg2 Qe6 27. f3 Bf8 28. Rfd1 g5
29. g4 hxg4 30. fxg4 Bg7 31. h3 Bf6 32. Qd3 Rff8 33. Bf1 Rfb8 34. Qc2 b5 35. b3
Rb6 36. Ba5 Rb7 37. Bc7 Bd8 38. Bxd8 Rxd8 39. Qa2 Rdb8 40. axb5 axb5 41. Qf2
Ra8 42. Rc1 Rc8 43. Be2 Rb6 44. Rcd1 c4 45. h4 Qg6 46. Rxe5 Rxd6 47. Rxd6 Qxd6
48. Rd5 Qe6 49. Qd4+ 1-0

[Event "Championnat de France des Jeunes - Junio"]
[Site "MONTLUCON"]
[Date "2011.04.20"]
[Round "5.7"]
[White "Nari, Damien"]
[Black "Lambert, Romain"]
[Result "1-0"]
[WhiteElo "1913"]
[BlackElo "2054"]
[PlyCount "77"]

1. e4 c5 2. c4 Nc6 3. Ne2 Nd4 4. Nxd4 cxd4 5. g3 d6 6. Bg2 g6 7. d3 Bg7 8. O-O
Nf6 9. b4 a5 10. Bb2 Qb6 11. b5 O-O 12. Nd2 Nd7 13. a4 e5 14. f4 Bh6 15. Nb3
Nf6 16. fxe5 Be3+ 17. Kh1 dxe5 18. Ba3 Bg4 19. Rxf6 Qxf6 20. Qxg4 Rfd8 21. Rf1
h5 22. Rxf6 hxg4 23. Rb6 Kg7 24. Rxb7 Rh8 25. Bd6 Rh5 26. Bb8 Bf2 27. Nd2 Bxg3
28. Nf1 Bf4 29. c5 Rh8 30. c6 Kf6 31. c7 Ke6 32. Rb6+ Kd7 33. Rf6 Ke7 34. Rc6
Kd7 35. Rc5 Kc8 36. Rd5 f6 37. b6 Ra6 38. b7+ Kxb7 39. Rd8 1-0

[Event "Championnat de France des Jeunes - Junio"]
[Site "MONTLUCON"]
[Date "2011.04.20"]
[Round "5.8"]
[White "Louis-Sidois, Charles"]
[Black "Feryn, Alexandre"]
[Result "0-1"]
[WhiteElo "1901"]
[BlackElo "2041"]
[PlyCount "86"]

1. e4 c5 2. Nf3 e6 3. d3 d6 4. g3 Nf6 5. Bg2 Be7 6. O-O O-O 7. Re1 Nc6 8. c3
Qc7 9. Nbd2 b5 10. e5 dxe5 11. Nxe5 Bb7 12. Ndf3 Nxe5 13. Nxe5 Bxg2 14. Kxg2
Bd6 15. Qe2 Rac8 16. a4 a6 17. c4 bxa4 18. Bf4 Rfd8 19. Qf3 Ne8 20. Rxa4 f6 21.
Ng4 Bxf4 22. gxf4 Qc6 23. Ra3 Rd4 24. Kg3 Qd6 25. Re4 Rb8 26. Rxd4 cxd4 27. c5
Qxc5 28. Rxa6 h5 29. Nxf6+ Nxf6 30. Rxe6 Rxb2 31. Qa8+ Kh7 32. h3 Qf5 33. Re5
h4+ 34. Kg2 Rxf2+ 35. Kxf2 Qxf4+ 36. Kg1 Qxe5 37. Qc8 Qg3+ 38. Kh1 Qxd3 39. Qe6
Qf3+ 40. Kh2 Ne4 41. Qe5 Qf2+ 42. Kh1 Ng3+ 43. Qxg3 hxg3 0-1

[Event "Championnat de France des Jeunes - Junio"]
[Site "MONTLUCON"]
[Date "2011.04.20"]
[Round "5.10"]
[White "Najart, David"]
[Black "Gertosio, Franck"]
[Result "0-1"]
[WhiteElo "2008"]
[BlackElo "2166"]
[PlyCount "50"]

1. d4 d6 2. e4 f5 3. Nc3 fxe4 4. Nxe4 Nf6 5. Bd3 Nc6 6. Nxf6+ exf6 7. Qh5+ g6
8. Bxg6+ hxg6 9. Qxh8 Qe7+ 10. Be3 Nb4 11. Kd2 Bf5 12. c3 Nc2 13. Rd1 O-O-O 14.
Qh4 Re8 15. Qf4 Qe6 16. g4 Qxa2 17. gxf5 Qxb2 18. Kd3 Na3 19. Rc1 c5 20. c4 b5
21. Ne2 bxc4+ 22. Rxc4 Nxc4 23. Kxc4 Qc2+ 24. Nc3 d5+ 25. Kxd5 Qb3+ 0-1

[Event "Championnat de France des Jeunes - Junio"]
[Site "MONTLUCON"]
[Date "2011.04.21"]
[Round "6.1"]
[White "Fantinel, Thibault"]
[Black "Sochacki, Wojtek"]
[Result "0-1"]
[WhiteElo "2235"]
[BlackElo "2294"]
[PlyCount "52"]

1. c4 c5 2. g3 Nf6 3. Bg2 Nc6 4. Nc3 e6 5. Nf3 d5 6. cxd5 exd5 7. d4 h6 8. O-O
Be7 9. dxc5 Bxc5 10. Na4 Be7 11. Be3 O-O 12. Rc1 Re8 13. Nc5 Bd6 14. Re1 Rxe3
15. fxe3 Qe7 16. Nd3 Qxe3+ 17. Kh1 Ne4 18. Rf1 Ne7 19. Qa4 Bf5 20. Qd4 Qxe2 21.
Rce1 Qxd3 22. Qxd3 Nxg3+ 23. hxg3 Bxd3 24. Rg1 Nf5 25. Ne5 Nxg3+ 26. Kh2 Ne4
0-1

[Event "Championnat de France des Jeunes - Junio"]
[Site "MONTLUCON"]
[Date "2011.04.21"]
[Round "6.2"]
[White "Villegas, Pierre"]
[Black "Le Goff, Ronan"]
[Result "1-0"]
[WhiteElo "2246"]
[BlackElo "2055"]
[PlyCount "61"]

1. d4 d5 2. Nc3 Nf6 3. Bg5 Bf5 4. f3 Nbd7 5. e3 h6 6. Bh4 c6 7. Bd3 Bxd3 8.
cxd3 e5 9. dxe5 Nxe5 10. Nge2 Bd6 11. O-O O-O 12. Kh1 Ng6 13. Bf2 Re8 14. Qb3
Qd7 15. Rae1 Ne5 16. Qc2 Qc7 17. Ng3 a6 18. Nf5 Bf8 19. Bh4 Qd8 20. d4 Ng6 21.
Bf2 Ne7 22. Ng3 Ng6 23. e4 Nf4 24. e5 N6h5 25. Nxh5 Nxh5 26. Ne2 g6 27. f4 Rc8
28. g4 Ng7 29. Ng3 c5 30. dxc5 Ne6 31. f5 1-0

[Event "Championnat de France des Jeunes - Junio"]
[Site "MONTLUCON"]
[Date "2011.04.21"]
[Round "6.3"]
[White "Chandesris, Ludovic"]
[Black "Demuth, Adrien"]
[Result "0-1"]
[WhiteElo "2121"]
[BlackElo "2375"]
[PlyCount "36"]

1. e4 e5 2. Nf3 Nc6 3. d4 exd4 4. Nxd4 Nf6 5. Nxc6 bxc6 6. e5 Qe7 7. Qe2 Nd5 8.
c4 Ba6 9. b3 g6 10. Qe4 f5 11. Qd4 Nb4 12. Qc3 Bg7 13. f4 c5 14. Bb2 d6 15. Nd2
dxe5 16. fxe5 O-O-O 17. Be2 Rd3 18. Qc1 Bh6 0-1

[Event "Championnat de France des Jeunes - Junio"]
[Site "MONTLUCON"]
[Date "2011.04.21"]
[Round "6.4"]
[White "Podvin, Francois-Xavier"]
[Black "Bouget, Alexandre"]
[Result "1/2-1/2"]
[WhiteElo "2000"]
[BlackElo "2189"]
[PlyCount "66"]

1. e4 e5 2. d4 exd4 3. Qxd4 Nc6 4. Qe3 Nf6 5. Nc3 Bb4 6. Bd2 O-O 7. O-O-O Re8
8. Qg3 Rxe4 9. a3 Rg4 10. Qe3 Bf8 11. h3 Rg6 12. Bc4 d5 13. Be1 d4 14. Qe2 Qe8
15. Nd5 Qxe2 16. Nxe2 Nxd5 17. Bxd5 Be6 18. Be4 f5 19. Bxc6 bxc6 20. Nf4 Rf6
21. Nxe6 Rxe6 22. Rxd4 Rae8 23. Bc3 Bc5 24. Rd7 R8e7 25. Rxe7 Rxe7 26. Re1 Rd7
27. Re5 Rd5 28. f3 Bd6 29. Re2 Kf7 30. Bd2 f4 31. Re4 g5 32. c4 Rf5 33. Bc3 c5
1/2-1/2

[Event "Championnat de France des Jeunes - Junio"]
[Site "MONTLUCON"]
[Date "2011.04.21"]
[Round "6.5"]
[White "Feryn, Alexandre"]
[Black "Nari, Damien"]
[Result "1/2-1/2"]
[WhiteElo "2041"]
[BlackElo "1913"]
[PlyCount "105"]

1. e4 c6 2. d4 d5 3. Nd2 dxe4 4. Nxe4 Bf5 5. Ng3 Bg6 6. h4 h6 7. Nf3 Nd7 8. h5
Bh7 9. Bd3 Bxd3 10. Qxd3 e6 11. Bf4 Ngf6 12. O-O-O Nd5 13. Bd2 Be7 14. Kb1 Qc7
15. c4 N5f6 16. Ne4 O-O-O 17. g3 e5 18. d5 Nc5 19. Nxc5 Bxc5 20. Qf5+ Nd7 21.
Bc3 f6 22. dxc6 Qxc6 23. Rd5 Kc7 24. Rhd1 Nb6 25. Rxd8 Rxd8 26. Rxd8 Kxd8 27.
Nd2 Na4 28. Ne4 Nxc3+ 29. Nxc3 Qh1+ 30. Kc2 Qf1 31. Kb3 Qxf2 32. Qe6 Bf8 33.
Qd5+ Kc8 34. Qe6+ Kd8 35. Qf7 Qb6+ 36. Kc2 Qb4 37. a3 Qe7 38. Qd5+ Kc8 39. Qa5
Kb8 40. Nd5 Qd7 41. b4 Be7 42. Nxe7 Qxe7 43. Qd5 Kc7 44. Qa5+ Kb8 45. Qd5 Kc8
46. b5 Kc7 47. c5 Qd7 48. b6+ axb6 49. cxb6+ Kd8 50. Qg8+ Qe8 51. Qd5+ Qd7 52.
Qg8+ Qe8 53. Qd5+ 1/2-1/2

[Event "Championnat de France des Jeunes - Junio"]
[Site "MONTLUCON"]
[Date "2011.04.21"]
[Round "6.6"]
[White "Massoni, Michael"]
[Black "Hutois, Mickael"]
[Result "0-1"]
[WhiteElo "2338"]
[BlackElo "2142"]
[PlyCount "110"]

1. e4 e5 2. Nf3 Nc6 3. Bb5 a6 4. Bc4 Nf6 5. d3 b5 6. Bb3 Be7 7. O-O O-O 8. Re1
d6 9. c3 Nb8 10. Nbd2 Nbd7 11. Nf1 Nc5 12. Bc2 Ne6 13. Ng3 g6 14. d4 Nd7 15. a4
Bb7 16. Bd3 c6 17. b3 Bf6 18. Bb2 Qb6 19. Bc2 a5 20. d5 cxd5 21. exd5 Nec5 22.
axb5 Qxb5 23. c4 Qb6 24. Bc3 Ra7 25. Nd2 Bg7 26. h4 f5 27. Nf3 Nf6 28. Rb1 Ncd7
29. Ng5 Ng4 30. Qe2 Bf6 31. b4 Bxg5 32. bxa5 Qc7 33. hxg5 Bxd5 34. Bb3 Be6 35.
Nf1 Nc5 36. Nd2 Ne4 37. Nxe4 fxe4 38. Rf1 Qc5 39. Ba2 Raf7 40. Be1 e3 41. f3 e4
42. Bb4 exf3 43. Bxc5 fxe2 44. Rxf7 Rxf7 45. Bxd6 Rd7 46. Bb4 Rd1+ 47. Be1 Rxb1
48. Bxb1 Bxc4 49. Be4 Ba6 50. Bb4 Kf7 51. g3 Ke6 52. Bf3 Ne5 53. Be4 Nc4 54.
Bd3 Nd2 55. Bxd2 exd2 0-1

[Event "Championnat de France des Jeunes - Junio"]
[Site "MONTLUCON"]
[Date "2011.04.21"]
[Round "6.7"]
[White "Stephan, Victor"]
[Black "Lemarchand, Matthieu"]
[Result "1-0"]
[WhiteElo "2278"]
[BlackElo "1903"]
[Annotator "Rivier,Sylvain"]
[PlyCount "99"]

1. d4 d5 2. c4 c6 3. Nf3 Nf6 4. Nc3 e6 5. Bg5 h6 6. Bh4 Nbd7 7. e3 Be7 8. Qc2
O-O 9. Rd1 a6 10. Bd3 b5 11. cxd5 cxd5 12. O-O Nb6 13. a4 b4 14. Na2 a5 15. Ne5
Bb7 16. Bb5 Rc8 17. Qe2 Nc4 18. Bxf6 gxf6 19. Nd7 Re8 20. Qg4+ Kh7 21. Qh5 Kg8
22. Nc5 Bc6 23. Bxc6 Rxc6 24. b3 Nb6 25. Rc1 Bxc5 26. Rxc5 Rxc5 27. dxc5 Nd7
28. Rc1 Qc7 29. Qg4+ Kh7 30. Qd4 Qc6 31. Rc2 f5 32. Nc1 Rc8 33. Nd3 f6 34. f4
Kg7 35. Kf2 Kf7 36. Ke1 Ke8 37. Kd2 Nb8 38. Nf2 Qa6 39. Qd3 Qxd3+ 40. Nxd3 Nc6
41. Ne1 e5 42. Nf3 Kd7 43. g3 Rd8 44. Ke2 Re8 45. Kf2 Rg8 46. Rd2 Re8 47. h3
Rg8 48. Nh4 Rd8 49. g4 fxg4 50. f5 {suite illisible} 1-0

[Event "Championnat de France des Jeunes - Junio"]
[Site "MONTLUCON"]
[Date "2011.04.21"]
[Round "6.8"]
[White "Devallee, Jeremie"]
[Black "Ludwig, Remi"]
[Result "1-0"]
[WhiteElo "2049"]
[BlackElo "2253"]
[PlyCount "65"]

1. e4 c5 2. Nf3 e6 3. b4 cxb4 4. d4 b6 5. Bd3 d5 6. O-O Ba6 7. Bxa6 Nxa6 8.
exd5 Qxd5 9. c4 Qa5 10. Re1 Nf6 11. Re5 Nc5 12. dxc5 Bxc5 13. h3 Rd8 14. Qc2
Qa6 15. Nbd2 O-O 16. Bb2 h6 17. Rxc5 bxc5 18. Bxf6 gxf6 19. Ne4 Kg7 20. Qb2 e5
21. Nh4 Qxc4 22. Nf5+ Kg6 23. Neg3 Rd3 24. Qe2 Kh7 25. Nxh6 Qd4 26. Qh5 Qxa1+
27. Kh2 Rxg3 28. Nf5+ Kg8 29. fxg3 Qc1 30. h4 Rd8 31. Qg4+ Kf8 32. Qg7+ Ke8 33.
Qxf6 1-0

[Event "Championnat de France des Jeunes - Junio"]
[Site "MONTLUCON"]
[Date "2011.04.22"]
[Round "7.2"]
[White "Stephan, Victor"]
[Black "Villegas, Pierre"]
[Result "1-0"]
[WhiteElo "2278"]
[BlackElo "2246"]
[Annotator "Rivier,Sylvain"]
[PlyCount "87"]

1. d4 d5 2. c4 c6 3. Nf3 Nf6 4. Nc3 g6 5. e3 Bg7 6. Be2 O-O 7. O-O b6 8. cxd5
cxd5 9. a4 Nc6 10. Qb3 e6 11. Bd2 Bd7 12. Rfc1 Re8 13. Be1 Bf8 14. Ne5 Na5 15.
Qa2 a6 16. Rab1 Nb7 17. b4 Bd6 18. b5 axb5 19. Nxb5 Bxe5 20. dxe5 Ne4 21. Nc7
Rxa4 22. Qb2 Rf8 23. Qxb6 Ra2 24. Bd3 Nbc5 25. Rxc5 Nxc5 26. Qxc5 Qh4 27. Nb5
Bxb5 28. Qxb5 Rfa8 29. g3 Qa4 30. Kg2 Qxb5 31. Rxb5 Kg7 32. Bb4 R2a7 33. Bd6
Rc8 34. g4 Rca8 35. Kg3 Rc8 36. h4 Rca8 37. Rb6 Rc8 38. Bb4 Rca8 39. Bc5 Rc8
40. Bd4 Ra3 41. Bf1 Rca8 42. Rd6 Rb8 43. Bb6 Rb7 44. Bd8 {suite illisible} 1-0

[Event "Championnat de France des Jeunes - Junio"]
[Site "MONTLUCON"]
[Date "2011.04.22"]
[Round "7.3"]
[White "Le Goff, Ronan"]
[Black "Fantinel, Thibault"]
[Result "0-1"]
[WhiteElo "2055"]
[BlackElo "2235"]
[PlyCount "62"]

1. d4 e6 2. Nf3 c5 3. e3 Nf6 4. Bd3 Be7 5. O-O O-O 6. Nbd2 b6 7. b3 Bb7 8. Bb2
cxd4 9. exd4 d6 10. c4 Nbd7 11. Re1 Rc8 12. Qe2 Rc7 13. Rad1 Qa8 14. Bb1 Re8
15. Qf1 h6 16. h3 a6 17. Re3 b5 18. Rde1 bxc4 19. bxc4 Nb6 20. Rb3 Qa7 21. Qd3
Na4 22. Ba1 Rec8 23. Qc2 Bd5 24. Qd3 Bxc4 25. Nxc4 Rxc4 26. d5 e5 27. Nd2 Rc1
28. Rxc1 Rxc1+ 29. Nf1 Rc7 30. Qf3 Nc5 31. Re3 Qb7 0-1

[Event "Championnat de France des Jeunes - Junio"]
[Site "MONTLUCON"]
[Date "2011.04.22"]
[Round "7.4"]
[White "Bouget, Alexandre"]
[Black "Devallee, Jeremie"]
[Result "0-1"]
[WhiteElo "2189"]
[BlackElo "2049"]
[PlyCount "82"]

1. d4 Nf6 2. c4 c5 3. d5 b5 4. cxb5 a6 5. b6 Qxb6 6. Nc3 g6 7. e4 d6 8. Be2 Bg7
9. Nf3 Nbd7 10. O-O O-O 11. Nd2 Ne5 12. h3 g5 13. Nc4 Nxc4 14. Bxc4 g4 15. Kh2
Kh8 16. f4 gxh3 17. gxh3 e6 18. dxe6 fxe6 19. Qe2 Bb7 20. Bxe6 Rae8 21. f5 Nh5
22. Qxh5 Be5+ 23. Kg2 Rg8+ 24. Bxg8 Rxg8+ 25. Kf3 Qb4 26. Qh4 d5 27. Bd2 dxe4+
28. Ke2 Qc4+ 29. Ke1 Bg3+ 30. Qxg3 Rxg3 31. Ne2 Rg2 32. Bc3+ Kg8 33. Nf4 Rg3
34. Rd1 Re3+ 35. Kd2 Rg3 36. Ke1 Bc6 37. Rd8+ Kf7 38. Rh8 Rxc3 39. Rxh7+ Kg8
40. Rg7+ Kxg7 41. Ne6+ Kf6 0-1

[Event "Championnat de France des Jeunes - Junio"]
[Site "MONTLUCON"]
[Date "2011.04.22"]
[Round "7.5"]
[White "Nari, Damien"]
[Black "Gertosio, Franck"]
[Result "1/2-1/2"]
[WhiteElo "1913"]
[BlackElo "2166"]
[Annotator "Rivier,Sylvain"]
[PlyCount "71"]

1. c4 d6 2. Nc3 e5 3. g3 g6 4. Bg2 Bg7 5. e3 f5 6. d3 Ne7 7. Nge2 c6 8. O-O O-O
9. b3 d5 10. cxd5 cxd5 11. d4 e4 12. Ba3 Nbc6 13. Qd2 Be6 14. Rac1 Rf6 15. Na4
b6 16. Rc2 g5 17. Rfc1 Qe8 18. f4 exf3 19. Bxf3 Bf7 20. Nb2 Rd8 21. Nd3 Bh5 22.
Bg2 Re6 23. Nc3 Bf7 24. Nb4 Rxe3 25. Nb5 Nxb4 26. Qxb4 Ng6 27. Nd6 Rxd6 28.
Qxd6 Bf8 29. Rc8 Re1+ 30. Bf1 Qe3+ 31. Kg2 Qe4+ 32. Kf2 Qe3+ 33. Kg2 Qd2+ 34.
Kh1 Rxc1 35. Rxc1 Qf2 36. Bb5 {suite illisible} 1/2-1/2

[Event "Championnat de France des Jeunes - Junio"]
[Site "MONTLUCON"]
[Date "2011.04.22"]
[Round "7.6"]
[White "Hutois, Mickael"]
[Black "Feryn, Alexandre"]
[Result "0-1"]
[WhiteElo "2142"]
[BlackElo "2041"]
[PlyCount "72"]

1. e4 c5 2. Nf3 e6 3. d4 cxd4 4. Nxd4 a6 5. Bd3 Nf6 6. O-O Qc7 7. Qe2 d6 8. c4
Nbd7 9. Nc3 Ne5 10. Kh1 Be7 11. f4 Nxd3 12. Qxd3 Nd7 13. Be3 b6 14. b3 Bb7 15.
Rac1 Bf6 16. f5 Nc5 17. Qc2 Qe7 18. Rf3 Rc8 19. Rh3 b5 20. b4 Na4 21. Ncxb5
axb5 22. Nxb5 O-O 23. e5 dxe5 24. fxe6 g6 25. exf7+ Rxf7 26. Qxa4 Qe6 27. Kg1
Rxc4 28. Rxc4 Qxc4 29. Nc3 Be7 30. Bf2 Bxb4 31. Qe8+ Bf8 32. Qxe5 Ba6 33. Qe1
Bc5 34. Rf3 Rxf3 35. gxf3 Bxf2+ 36. Kxf2 Qh4+ 0-1

[Event "Championnat de France des Jeunes - Junio"]
[Site "MONTLUCON"]
[Date "2011.04.22"]
[Round "7.8"]
[White "Nooshian, Kevin"]
[Black "Massoni, Michael"]
[Result "0-1"]
[WhiteElo "2011"]
[BlackElo "2338"]
[PlyCount "64"]

1. e4 c5 2. Nf3 e6 3. d4 cxd4 4. Nxd4 Nc6 5. Nb5 d6 6. Bf4 e5 7. Be3 Nf6 8. Bg5
a6 9. N5c3 Be7 10. Bxf6 Bxf6 11. Nd2 O-O 12. Nc4 b5 13. Ne3 Bg5 14. Ncd5 Rb8
15. c3 Be6 16. Be2 Ne7 17. Bf3 Nxd5 18. Nxd5 Qe7 19. Qd3 a5 20. O-O Rfc8 21.
Rad1 Rc5 22. Ne3 b4 23. cxb4 Rxb4 24. b3 Rd4 25. Qa6 g6 26. g3 Qc7 27. h4 Bh6
28. Qe2 Rc3 29. Qe1 Qc5 30. Rc1 Rdd3 31. Be2 Rxe3 32. fxe3 Qxe3+ 0-1

[Event "Championnat de France des Jeunes - Junio"]
[Site "MONTLUCON"]
[Date "2011.04.22"]
[Round "7.9"]
[White "Ludwig, Remi"]
[Black "Plessis, Arnaud"]
[Result "1-0"]
[WhiteElo "2253"]
[BlackElo "1882"]
[PlyCount "47"]

1. d4 d5 2. c4 c6 3. Nc3 e6 4. Nf3 dxc4 5. a4 Bb4 6. Ne5 b5 7. e3 Nf6 8. Be2
Bb7 9. O-O Bxc3 10. bxc3 a6 11. Ba3 Nbd7 12. f4 Nd5 13. Qd2 Qc7 14. Bf3 f6 15.
Nxd7 Qxd7 16. e4 Ne7 17. f5 e5 18. Bh5+ g6 19. fxg6 hxg6 20. Be2 f5 21. exf5
Nxf5 22. Qg5 Qh7 23. h3 Qh6 24. Rxf5 1-0

[Event "Championnat de France des Jeunes - Junio"]
[Site "MONTLUCON"]
[Date "2011.04.22"]
[Round "7.10"]
[White "Blum, Nicolas"]
[Black "Wattiez, Nicolas"]
[Result "1-0"]
[WhiteElo "2245"]
[BlackElo "1766"]
[PlyCount "79"]

1. e4 d5 2. exd5 Nf6 3. Nf3 Nxd5 4. d4 g6 5. h3 Bg7 6. c4 Nb6 7. Nc3 O-O 8. Be2
Nc6 9. Be3 e5 10. d5 Ne7 11. Qb3 Nf5 12. Bg5 Qd7 13. O-O e4 14. Nxe4 Re8 15.
Bd3 Nd4 16. Nxd4 Bxd4 17. Nf6+ Bxf6 18. Bxf6 Qd6 19. Bd4 Qf4 20. Be3 Qh4 21.
Rfe1 Bd7 22. Qc3 Re7 23. b3 Rae8 24. Bc5 Rxe1+ 25. Rxe1 Rxe1+ 26. Qxe1 Nc8 27.
Qe5 Qd8 28. Bd4 f6 29. Qxf6 Qxf6 30. Bxf6 Kf7 31. Be5 c6 32. Be4 c5 33. f4 b6
34. Kf2 h5 35. Kg3 b5 36. Kh4 bxc4 37. bxc4 Nb6 38. Kg5 Bf5 39. Bxf5 gxf5 40.
Bd6 1-0

[Event "Championnat de France des Jeunes - Junio"]
[Site "MONTLUCON"]
[Date "2011.04.23"]
[Round "8.1"]
[White "Gertosio, Franck"]
[Black "Demuth, Adrien"]
[Result "0-1"]
[WhiteElo "2166"]
[BlackElo "2375"]
[PlyCount "118"]

1. a3 g6 2. e4 c5 3. Nf3 Bg7 4. Nc3 Nc6 5. g3 d6 6. Bg2 Nf6 7. O-O O-O 8. d3
Rb8 9. h3 b5 10. Be3 a5 11. e5 Ne8 12. exd6 exd6 13. d4 b4 14. axb4 cxb4 15.
Nd5 Nc7 16. Nf4 Bd7 17. d5 Ne7 18. Bd4 Nb5 19. Bxg7 Kxg7 20. Re1 Nf5 21. Bf1
Re8 22. Rxe8 Bxe8 23. Bxb5 Bxb5 24. Nd4 Nxd4 25. Qxd4+ Kg8 26. Ng2 Bd7 27. h4
h5 28. Ne3 a4 29. Qf4 Qe7 30. Nc4 Rb5 31. Qd2 Qe4 32. Ne3 Rc5 33. Rd1 a3 34.
bxa3 bxa3 35. Ra1 Qa4 36. Qd3 a2 37. Qb3 Qxb3 38. cxb3 Ra5 39. Nc4 Ra6 40. b4
Bf5 41. b5 Ra4 42. Nxd6 Bb1 43. Nb7 Rd4 44. d6 Kf8 45. b6 Ke8 46. Nc5 Rxd6 47.
Na4 Kd7 48. b7 Kc7 49. Nc3 Rd2 50. Kg2 Rb2 51. Nd5+ Kxb7 52. Nc3 Kc6 53. Kf1
Rc2 54. Ne2 Kc5 55. Ke1 Kc4 56. Kd1 Kb3 57. Nd4+ Kb2 58. Nxc2 Bxc2+ 59. Kd2 Bf5
0-1